000 01035nam a2200265Ia 4500
003 OSt
005 20221005111407.0
006 a|||||r|||| 00| 0
007 ta
008 221004b |||||||| |||| 00| 0 hin d
020 _a9789350726334 (hbk)
_cINR 495.00
024 _a30096
037 _b277, 03/03/2017, Eastern Book Linkers
_cTextual
040 _aCRL
_cCRL
_bhin
041 _2hin
_ahin
082 _aO157,3N33,SD, 152Q5
100 _aशत्रुघ्न प्रसाद, ले.
245 0 _aशहज़ादा दाराशिकोह दहशत का दंश
246 _aShahaज़ādā dārāshikoh dahashat kā dansha
260 _aनई दिल्ली
_bवाणी प्रकाशन भारत
_c2015
300 _a291पृ0
_ccm.
650 _aबंगाली कहानी
942 _hO157,3N33,SD, 152Q5
_cTEXL
_2cc
999 _c1021713
_d1021713